000 01099cam a22001934a 4500
005 20250605164120.0
008 250528s ||||||||||||||||||||||||d
035 _a18237
020 _a70662150
040 _aGR-AtMCL
_bgre
_dGR-AtMCL
_eAACR2
245 1 _aDistributed Databases / Principles and Systems
260 _bMcgraw Hill Book Company,
_c1985
520 _aPreface, Distributed Databases: An Overview, Review of Databases and Computer Networks, Principles of Distributed Databases, Level of Distribution Transparency, Distributed Database Design, Translation of Global Queries to Fragment Queries, Optimization of Access Strategies, The Management of Distributed Transactions, Concurrency Control, Reliability, Distributed Database Administration, Distributed Database Systems, Commercial Systems, SDD-1: A System for Distributed Databases, The R* Project, Other Homogeneous Distributed Database Systems, Heterogeneous Distributed Database Systems, Index.
700 1 _aCeri Stefano
_94520
700 1 _aPelagatti Giuseppe
_94521
942 _cBK
999 _c3610
_d3610